Postkontrakční chování veřejných zadavatelů na Slovensku

Analýza postkontrakčného správania sa na vzorke slovenských zadavateľov pôsobiacich na miestnej a centrálnej úrovni. Popis životného cyklu verejnej zákazky.

Na minha lista:
Detalhes bibliográficos
Autor principal: Pavel, Jan
Outros Autores: Sičáková-Beblavá, Emília
Formato: Capítulo de Livro
Idioma:tcheco
Assuntos:
Tags: Adicionar Tag
Sem tags, seja o primeiro a adicionar uma tag!

MARC

LEADER 00000naa a2200000 4500
001 0164441
005 20231207120940.7
041 0 |a cze 
044 |a CZ 
245 1 0 |a Postkontrakční chování veřejných zadavatelů na Slovensku  |c Jan Pavel, Emília Sičáková-Beblavá 
520 |a Analýza postkontrakčného správania sa na vzorke slovenských zadavateľov pôsobiacich na miestnej a centrálnej úrovni. Popis životného cyklu verejnej zákazky. 
610 2 0 |a Slovensko 
610 2 0 |a modely regresné 
610 2 0 |a analýza ekonomická 
610 2 0 |a korupcia 
610 2 0 |a obstarávanie verejné 
100 1 |a Pavel, Jan 
700 1 |a Sičáková-Beblavá, Emília